000
00195 a2200097 4500
001
1460
100
_a
Breneman
245
_a
Stength of materials
260
_a
_b
Mcgrawhill
_c
090
_c
1003
_d
1003
942
_a
NUST-CAE
_c
M
_c
37
999
_c
236533
_d
236533